The noble scholar, jurist, historian


 His Excellency Dr. Abdul Wahhab bin Ibrahim Abu Sulaiman, may Allah have mercy on him.


 He was born in Umm Al-Qura in the year 1356 AH.

قواعد في علوم الحديث / (Record no. 7077)

MARC details
000 -LEADER
fixed length control field 01133cam a22002651i 4500
003 - CONTROL NUMBER IDENTIFIER
control field SA-RiAUC
005 - DATE AND TIME OF LATEST TRANSACTION
control field 20250415074633.0
008 - FIXED-LENGTH DATA ELEMENTS--GENERAL INFORMATION
fixed length control field 250415s1984 su g 00000 ara c
040 ## - CATALOGING SOURCE
Original cataloging agency SA-RiAUC
Language of cataloging ara
Transcribing agency SA-RiAUC
Description conventions rda
082 04 - DEWEY DECIMAL CLASSIFICATION NUMBER
Classification number 230
090 ## - LOCALLY ASSIGNED LC-TYPE CALL NUMBER (OCLC); LOCAL CALL NUMBER (RLIN)
Classification number (OCLC) (R) ; Classification number, CALL (RLIN) (NR) 230
Local cutter number (OCLC) ; Book number/undivided call number, CALL (RLIN) ت هـ ا
100 1# - MAIN ENTRY--PERSONAL NAME
Personal name التهانوي، ظفر أحمد بن لطيف العثماني،
Dates associated with a name 1310-1394 هجري
Relator term مؤلف.
245 10 - TITLE STATEMENT
Title قواعد في علوم الحديث /
Statement of responsibility, etc. ظفر أحمد بن لطيف العثماني التهانوي ؛ حققه وراجع نصوصه وعلق عليه عبد الفتاح أبو غدة.
250 ## - EDITION STATEMENT
Edition statement الطبعة الخامسة.
264 #1 - PRODUCTION, PUBLICATION, DISTRIBUTION, MANUFACTURE, AND COPYRIGHT NOTICE
Place of production, publication, distribution, manufacture الرياض :
Name of producer, publisher, distributor, manufacturer شركة العبيكان،
Date of production, publication, distribution, manufacture, or copyright notice 1984
300 ## - PHYSICAL DESCRIPTION
Extent 553 صفحة ؛
Dimensions 24 سم
336 ## - CONTENT TYPE
Content type term نص
Content type code txt
Source rdacontent
Materials specified كتاب
337 ## - MEDIA TYPE
Media type term بدون وسيط
Media type code n
Source rdamedia
338 ## - CARRIER TYPE
Carrier type term مجلد
Carrier type code nc
Source rdacarrier
650 #7 - SUBJECT ADDED ENTRY--TOPICAL TERM
Topical term or geographic name entry element علم الحديث
Source of heading or term aucsh
700 1# - ADDED ENTRY--PERSONAL NAME
Personal name أبو غدة، عبد الفتاح بن محمد بن بشير،
Dates associated with a name 1917-1997
Relator term محقق.
942 ## - ADDED ENTRY ELEMENTS (KOHA)
Source of classification or shelving scheme Dewey Decimal Classification
Koha item type Books
Suppress in OPAC No
949 ## - LOCAL PROCESSING INFORMATION (OCLC)
a SA-JeALM
d 250415
u mohamedma123
n 1
Holdings
Withdrawn status Lost status Source of classification or shelving scheme Damaged status Not for loan Home library Current library Date acquired Total checkouts Full call number Barcode Date last seen Price effective from Koha item type
    Dewey Decimal Classification     DR AbdElwahab Library DR AbdElwahab Library 04/15/2025   230 ت هـ ا 000011739 04/15/2025 04/15/2025 Books